Govt. of
Madhya Pradesh

Normal view MARC view

Entry Topical Term

Number of records used in: 1

001 - CONTROL NUMBER

  • control field: 34677

003 - CONTROL NUMBER IDENTIFIER

  • control field: OSt

005 - DATE AND TIME OF LATEST TRANSACTION

  • control field: 20160127132737.0

008 - FIXED-LENGTH DATA ELEMENTS

  • fixed length control field: 160127|| aca||aabn | a|a d

040 ## - CATALOGING SOURCE

  • Original cataloging agency: OSt
  • Transcribing agency: OSt

150 ## - HEADING--TOPICAL TERM

  • Topical term or geographic name entry element: Financial Economics

670 ## - SOURCE DATA FOUND

  • Source citation: Work cat.: (OSt)30585: आर गुप्‍ता कृत पॉपुलर मास्‍टर गाइड 34676, नाबार्ड ग्रेड ए ऑफिसर्स , 2003